IMF Committee on Balance of Payments Statistics : Annual Report 1997.

The IMF Committee on Balance of Payments Statistics was established in 1992 to promote accuracy and cooperation in the compilation of balance of payments statistics. Membership of the Committee, which advises the IMF on statistical issues, consists of representatives from a number of international o...

وصف كامل

التفاصيل البيبلوغرافية
مؤلف مشترك: International Monetary Fund. Statistics Dept
التنسيق: دورية
اللغة:English
منشور في: Washington, D.C. : International Monetary Fund, 1998.
سلاسل:Balance of Payments Statistics; Balance of Payments Statistics ; No. 1997/002
الموضوعات:
الوصول للمادة أونلاين:Full text available on IMF
LEADER 01759cas a2200277 a 4500
001 AALejournalIMF012213
008 230101c9999 xx r poo 0 0eng d
020 |c 50.00 USD 
020 |z 9781557757197 
022 |a 1020-1637 
040 |a BD-DhAAL  |c BD-DhAAL 
110 2 |a International Monetary Fund.  |b Statistics Dept. 
245 1 0 |a IMF Committee on Balance of Payments Statistics :   |b Annual Report 1997. 
264 1 |a Washington, D.C. :  |b International Monetary Fund,  |c 1998. 
300 |a 1 online resource (28 pages) 
490 1 |a Balance of Payments Statistics 
500 |a <strong>Off-Campus Access:</strong> No User ID or Password Required 
500 |a <strong>On-Campus Access:</strong> No User ID or Password Required 
506 |a Electronic access restricted to authorized BRAC University faculty, staff and students 
520 3 |a The IMF Committee on Balance of Payments Statistics was established in 1992 to promote accuracy and cooperation in the compilation of balance of payments statistics. Membership of the Committee, which advises the IMF on statistical issues, consists of representatives from a number of international organizations, central banks, and national statistical offices. The Committee's annual report for (Year) discusses recent trends in global balance of payment statistics and highlights the Committee's work program. 
538 |a Mode of access: Internet 
650 7 |a General Financial Markets  |2 imf 
650 7 |a Investment Decisions  |2 imf 
650 7 |a Portfolio Choice  |2 imf 
830 0 |a Balance of Payments Statistics; Balance of Payments Statistics ;  |v No. 1997/002 
856 4 0 |z Full text available on IMF  |u http://elibrary.imf.org/view/books/044/03283-9781557757197-en/03283-9781557757197-en-book.xml  |z IMF e-Library